000 00293pam a2200109a 44500
008 230405s2022 xxu||||| |||| 00| 0 eng d
041 _aENG
100 _aDR.S. B.BHISE / DR A.A.HAJARE
245 _aHUMAN ANATOMY AND PHYSIOLOGY -III
260 _a
_bNIRALI PRAKASHAN PUNE
_c2022
906 _a5511
999 _c270950
_d270950